00256nam a22000977a 4500003000400000082001400004100004900018245003800067260004500105300000800150SGT a920bL16M a मिश्र, यतीन्द्र  aलता :सुर गाथा bवाणी प्रकाशनc2016 a639